000 00339 a2200157 4500
001 61436
020 _a8585490136
040 _cAnchieta - Pituba
100 _aMacfarlane, Aidan
240 1 0 _aO diário de Susie
_lpor
245 1 0 _aO diário de Susie
300 _a170
362 0 _a1993
650 4 _aLiteratura infantil
942 _cBK
999 _c61436
_d61436